|
|
|
|
| LEADER |
00000nab a2200000 a 4500 |
| 001 |
vtls008162345 |
| 003 |
SK-MaSNL |
| 005 |
20260304182642.0 |
| 008 |
140422c2005 xo |||||||| |00 b|slo |
| 015 |
|
|
|a SNBRB2005/06
|2 snkbucl
|
| 038 |
|
|
|a SNKBUCL
|
| 040 |
|
|
|a SNKBUCL
|b slo
|c SNKBUCL
|e AACR2
|
| 041 |
0 |
|
|a slo
|
| 044 |
|
|
|a xo
|c SK
|
| 080 |
|
|
|a 94(437.6)
|2 1997
|
| 100 |
1 |
|
|a Šubert, Miroslav
|4 aut
|9 47272
|
| 245 |
1 |
0 |
|a Šuster, drž sa svojho kopyta!
|b ad: Andrej Ferko, Slovenské dejiny v skratke, LT 15-16/2005
|c Miroslav Šubert
|
| 651 |
|
7 |
|a Slovensko
|x dejiny
|2 snkbucl
|9 13278
|
| 655 |
|
7 |
|a polemiky
|2 snkbucl
|9 22317
|
| 773 |
0 |
|
|t Literárny (dvoj)týždenník
|g Roč. XVIII, č. 19-20 (2005), s. 5
|x 0862-5999
|
| 852 |
|
|
|a SNK
|b KIS3GCP
|
| 999 |
|
|
|c 3030516
|d 3032446
|